Katalog posuzování míry speciálních vzdělávacích potřeb - část II. (Diagnostické domény pro žáky se sluchovým postižením) /

Hlavní autor: Potměšil, Miloň, 1955-
Jazyk: Čeština
Vydáno: Olomouc : Univerzita Palackého v Olomouci, Pedagogická fakulta, 2012
Vydání: 1. vyd.
Edice: Ostatní
Témata:
Fyzický popis: 125 s. : il. ; 29 cm + 1 CD-ROM
Knihy
Uloženo v:
LEADER 02642nam a2200685 a 4500
001 nkc20122416537
003 CZ PrNK
005 20130115082935.0
007 ta
008 121112s2012 xr a f f 000 0 cze
015 |a cnb002416537 
020 |a 978-80-244-3053-9  |q (brož.) :  |c neprodejné 
035 |a (OCoLC)820695487 
040 |a ABA001  |b cze 
072 7 |a 376  |x Výchova a vzdělávání zvláštních skupin osob  |2 Konspekt  |9 22 
080 |a 376.048  |2 MRF 
080 |a 316.344.6-056.263-053.2  |2 MRF 
080 |a 616.28-008.12/.14  |2 MRF 
080 |a 616-008.6  |2 MRF 
080 |a 616-07  |2 MRF 
080 |a 37.013.77  |2 MRF 
080 |a 159.9.072.5  |2 MRF 
080 |a 159.928.22  |2 MRF 
080 |a (035)  |2 MRF 
080 |a (083.15)  |2 MRF 
100 1 |a Potměšil, Miloň,  |d 1955-  |7 xx0006338  |4 aut 
245 1 0 |a Katalog posuzování míry speciálních vzdělávacích potřeb - část II.  |p (Diagnostické domény pro žáky se sluchovým postižením) /  |c Miloš Potměšil a kol. 
246 3 0 |a Diagnostické domény pro žáky se sluchovým postižením 
250 |a 1. vyd. 
260 |a Olomouc :  |b Univerzita Palackého v Olomouci, Pedagogická fakulta,  |c 2012 
300 |a 125 s. :  |b il. ;  |c 29 cm +  |e 1 CD-ROM 
490 1 |a Ostatní 
504 |a Obsahuje bibliografie a bibliografické odkazy 
521 8 |a Určeno pracovníkům SPC pro klienty se sluchových postižením 
650 0 7 |a speciální poradenství  |7 ph125897  |2 czenas 
650 0 7 |a děti se sluchovým postižením  |7 ph116186  |2 czenas 
650 0 7 |a poruchy sluchu  |7 ph134984  |2 czenas 
650 0 7 |a funkční poruchy (lékařství)  |7 ph138140  |2 czenas 
650 0 7 |a diagnostika (lékařství)  |7 ph114312  |2 czenas 
650 0 7 |a pedagogická diagnostika  |7 ph115700  |2 czenas 
650 0 7 |a psychodiagnostika  |7 ph115947  |2 czenas 
650 0 7 |a schopnosti  |7 ph218072  |2 czenas 
650 0 9 |a special counseling  |2 eczenas 
650 0 9 |a hearing disorders  |2 eczenas 
650 0 9 |a hearing impaired children  |2 eczenas 
650 0 9 |a medical diagnostics  |2 eczenas 
650 0 9 |a educational diagnostics  |2 eczenas 
650 0 9 |a psychodiagnostics  |2 eczenas 
650 0 9 |a dysfunctions  |2 eczenas 
650 0 9 |a abilities  |2 eczenas 
655 7 |a příručky  |7 fd133209  |2 czenas 
655 7 |a směrnice  |7 fd133465  |2 czenas 
655 9 |a handbooks and manuals  |2 eczenas 
655 9 |a by-laws  |2 eczenas 
810 2 |a Univerzita Palackého.  |t Ostatní publikace  |0 s 
910 2 |a BOA001  |b 4-1294.959 
990 |a BK 
995 |a 01 
991 |b 201301  |c NOV  |e n 
996 6 |b 2610533231  |c 4-1294.959  |l MZK  |r Sklad / do 1 hodiny  |n 4  |p p.v.  |w 001303677  |u 000010  |a 1  |e BOA001  |j MZK50  |s P